000 003320000a22001450004500
005 20120302054449.0
942 _cBOOK
245 _a Kalyan-GoAnka Parishishtaanka:Anka 5
260 _aGorakhpur:Geeta,1961.
300 _a895-955p.
040 _aHIN
650 _aSankirna
650 _aMaasik-Sankirna
650 _aGoanka-Kalyan
999 _c345700
_d345697